Advanced engineering mathematics (Record no. 1337)

000 -LEADER
fixed length control field 00610nam a2200217 a 4500
001 - CONTROL NUMBER
control field 1337
003 - CONTROL NUMBER IDENTIFIER
control field BD-DhUET
008 - FIXED-LENGTH DATA ELEMENTS--GENERAL INFORMATION
fixed length control field 980909s1999 nyua b 001 0 eng
020 ## - INTERNATIONAL STANDARD BOOK NUMBER
International Standard Book Number 047133328X
040 ## - CATALOGING SOURCE
Original cataloging agency DLC
Transcribing agency DLC
Modifying agency BD-DhUET
082 00 - DEWEY DECIMAL CLASSIFICATION NUMBER
Classification number 530.15
Item number KRE/1999
100 ## - MAIN ENTRY--PERSONAL NAME
Personal name Kreyszig, Erwin
245 10 - TITLE STATEMENT
Title Advanced engineering mathematics
250 ## - EDITION STATEMENT
Edition statement 8th ed.
260 ## - PUBLICATION, DISTRIBUTION, ETC. (IMPRINT)
Place of publication, distribution, etc. New Delhi
Name of publisher, distributor, etc. John Wiley & Sons
Date of publication, distribution, etc. 1999
300 ## - PHYSICAL DESCRIPTION
Extent xvi,1156 p.+ various paging
504 ## - BIBLIOGRAPHY, ETC. NOTE
Bibliography, etc Includes bibliographies
650 #0 - SUBJECT ADDED ENTRY--TOPICAL TERM
Topical term or geographic name as entry element Engineering mathematics
856 41 - ELECTRONIC LOCATION AND ACCESS
Uniform Resource Identifier http://www.loc.gov/catdir/toc/onix04/98037591.html
942 ## - ADDED ENTRY ELEMENTS (KOHA)
Koha item type General Book
Holdings
Location (home branch) Koha full call number Lost status Koha date last seen Koha issues (times borrowed) Price effective from Shelving location Withdrawn status Piece designation (barcode) Date acquired Damaged status Koha item type Copy number Sublocation or collection (holding branch) Source of classification or shelving scheme Not for loan Koha renewals Koha normalized classification for sorting Koha date last borrowed
Central Library, BUET530.15/KRE/1999 2024-03-0622014-09-03Circulation section 1038142014-09-03 General Book1Central Library, BUET   530_000000000000000_15KRE19992024-01-30
Central Library, BUET530.15/KRE/1999 2014-09-03 2014-09-03Circulation section 1038152014-09-03 General Book2Central Library, BUET   530_000000000000000_15KRE1999 
Central Library, BUET530.15/KRE/1999 2024-02-0362014-09-03Circulation section 1038162014-09-03 General Book3Central Library, BUET   530_000000000000000_15KRE19992024-01-22
Central Library, BUET530.15/KRE/1999 2024-02-1732014-09-03Circulation section 1038172014-09-03 General Book4Central Library, BUET   530_000000000000000_15KRE19992024-01-30
Central Library, BUET530.15/KRE/1999 2024-02-1952014-09-03Circulation section 1038182014-09-03 General Book5Central Library, BUET   530_000000000000000_15KRE19992024-01-30
Central Library, BUET530.15/KRE/1999 2024-02-0582014-10-27Circulation section 975092014-10-27 General Book6Central Library, BUET  2530_150000000000000_KRE_19992024-01-30
Central Library, BUET530.15/KRE/1999 2015-06-16 2015-06-16Reading section 966472015-06-16 Reading Item7Central Library, BUET   530_150000000000000_KRE_1999 
Central Library, BUET530.15/KRE/1999 2026-01-1882017-05-28Circulation section 975082003-05-10 General Book8Central Library, BUET   530_150000000000000_KRE_19992025-12-01